| 000 | 00736nam a22002297a 4500 | ||
|---|---|---|---|
| 001 | 57785 | ||
| 005 | 20260427150436.0 | ||
| 008 | 260427s2024 nue |||||||| |||| 00| 0 eng d | ||
| 020 | _a9781637425671 | ||
| 040 |
_aBD-DhIUB _cBD-DhIUB _dBD-DhIUB |
||
| 082 |
_223 _a658.300285 _bK8368h |
||
| 100 |
_aKoning, Marlene de _97167 |
||
| 245 |
_aHR tech strategy : _brevolutionizing employee experience through HR- tech synergy/ _cMarlene de Koning. |
||
| 260 |
_aNew York: _bBussiness expert press, LLC _c2024 |
||
| 300 |
_axix, 192p;. _c24cm |
||
| 526 |
_aSBE _bhrm _lREF |
||
| 541 | _aRisaam | ||
| 650 | 4 |
_aInformation technology. _9670 |
|
| 650 | 0 |
_aEmployee engagement _97168 |
|
| 650 | 4 |
_aStrategic planning. _9485 |
|
| 942 |
_2ddc _cBK |
||
| 999 |
_c57785 _d57959 |
||